Das russische Schicksal einer badischen Prinzessin (Запись № 3194358)

Подробности
000 -МАРКЕР
контрольное поле 01329nam0a2200301 4500
001 - ИДЕНТИФИКАТОР ЗАПИСИ
контрольное поле RU\NLR\b_ik\139741
005 - ИДЕНТИФИКАТОР ВЕРСИИ
контрольное поле 20250616225757.0
010 ## - МЕЖДУНАРОДНЫЙ СТАНДАРТНЫЙ НОМЕР КНИГИ (ISBN)
Номер (ISBN) 5-9528-0041-6
Тираж 100
035 ## - ДРУГИЕ СИСТЕМНЫЕ НОМЕРА
Идентификатор записи (NLR Aleph) 002212955
100 ## - ДАННЫЕ ОБЩЕЙ ОБРАБОТКИ
Данные общей обработки 20051127d2005 |||y0rusy50 ca
101 0# - ЯЗЫК РЕСУРСА
Язык текста, звукозаписи и т.д. немецкий
102 ## - СТРАНА ПУБЛИКАЦИИ ИЛИ ПРОИЗВОДСТВА
Страна публикации Российская Федерация
105 ## - ПОЛЕ КОДИРОВАННЫХ ДАННЫХ: ТЕКСТОВЫЕ МАТЕРИАЛЫ, МОНОГРАФИЧЕСКИЕ
Кодированные данные о монографическом текстовом документе ach |||||||||
200 1# - ЗАГЛАВИЕ И СВЕДЕНИЯ ОБ ОТВЕТСТВЕННОСТИ
Основное заглавие Das russische Schicksal einer badischen Prinzessin
Сведения, относящиеся к заглавию die Kaiserin Elisabeth Alexiewna (1779-1826)
Первые сведения об ответственности von Sofia Privalikhina
210 ## - ПУБЛИКАЦИЯ, РАСПРОСТРАНЕНИЕ И ДР.
Место издания, распространения и т.д. Томск
Имя издателя, распространителя и т. д. Красное знамя
Дата издания, распространения и т.д. 2005
215 ## - ФИЗИЧЕСКАЯ ХАРАКТЕРИСТИКА
Специфическое обозначение материала и объем 74 с.
Другие сведения о физической характеристике ил., факс., портр.
Размеры 20
320 ## - ПРИМЕЧАНИЯ О НАЛИЧИИ В ДОКУМЕНТЕ БИБЛИОГРАФИИ / УКАЗАТЕЛЯ
Текст примечания Библиогр.: с. 69-72
541 0# - ПЕРЕВОД ЗАГЛАВИЯ, СДЕЛАННЫЙ КАТАЛОГИЗАТОРОМ
Заглавие Русская доля баденской принцессы. Императрица Елизавета Алексеевна (1779 - 1826)
Язык заглавия русский
600 00 - ИМЯ ЛИЦА КАК ПРЕДМЕТ
Начальный элемент ввода Елизавета Алексеевна
Дополнения к именам, кроме дат императрица российская
Даты 1779 - 1826
Системный номер авторитетной/нормативной записи 1057205
Идентификатор авторитетной/нормативной записи RU\NLR\AUTH\66409709
600 10 - ИМЯ ЛИЦА КАК ПРЕДМЕТ
Начальный элемент ввода Elizaveta Alekseevna
Дополнения к именам, кроме дат имп.
Даты 1779-1826
Код системы psbo
686 4# - ИНДЕКСЫ ДРУГИХ КЛАССИФИКАЦИЙ
Индекс Т3(2)471,022.1
700 #1 - ИМЯ ЛИЦА - ПЕРВИЧНАЯ ОТВЕТСТВЕННОСТЬ
Код отношения Автор
Графика поля Латинская
Материалы, к которым относится поле ger
Начальный элемент ввода Privaliсhina
Часть имени, кроме начального элемента ввода S. V.
Даты 1976-
Расширение инициалов личного имени Sofija Valer'evna
Системный номер авторитетной/нормативной записи 256333
Идентификатор авторитетной/нормативной записи RU\NLR\AUTH\770256389
801 #0 - ИСТОЧНИК ЗАПИСИ
Страна Российская Федерация
Организация NLR
Дата составления 20051127
Правила каталогизации PSBO
942 ## - ДОПОЛНИТЕЛЬНЫЕ ЭЛЕМЕНТЫ ЗАПИСИ (АБИС)
Тип экземпляра АБИС Книга
980 ## - КОЛЛЕКЦИЯ
Название коллекции Национальная библиография
Экземпляры
Тип экземпляра Дата поступления Источник поступления Библиотека постоянного хранения Библиотека текущего хранения Место хранения Шифр хранения Штрих-код Статус экземпляра Публичное примечание
Книга 27.11.2005 Дар РНБ (Московский) РНБ (Московский) Иностранный книжный фонд Ик 2005-4/192 1048884   ;